00830nam a2200229 i 4500001000700000003000900007007000300016008004100019080001200060100001900072245013600091260003300227300004200260490004500302505008900347650002700436700002400463700002900487830004200516852002100558852002100579124465ES-MaACLt|070328s19261942sp ||||1| spa d a33(091)1 aNeurath, Otto.10aHistoria de la economía / cpor Otto Neurath y Heinrich Sieveking ; traducido de la 2ª edición alemana Manuel Sánchez Sarto. aBarcelona : bLabor, c1926. a2 v., lám., map. : bil. ; c17 cm.1 aColección Labor ; v64, 65, y 410, 4118 aContiene: 1. Antigüedad y Edad Media.-- 2. Desde el siglo XVII hasta la actualidad14aEconomía-vHistoria.1 aSievekin, Heinrich.1 aSánchez Sarto, Manuel.00aColección Laborv64, 65, y 410, 411 aES-MaACLjE-2606 aES-MaACLjE-2873